| 000 | 00425nam a2200133 a 4500 | ||
|---|---|---|---|
| 001 | 000038608 | ||
| 005 | 20201002031318.0 | ||
| 008 | 130416s1995 dr ac 000 0 spa d | ||
| 040 |
_aDO-SdBNP _bspa _cBNPHU |
||
| 100 | 1 |
_aAlburquerque, Luis _915422 |
|
| 245 | 1 | 0 |
_aBanco central Valdez Albizu y banreservas / _cLuis Alburquerque. |
| 260 |
_aSanto domingo : _bImprenta Mercedes, _c1995. |
||
| 300 |
_a173 p. : _bil., retrs. ; _c22 cm. |
||
| 999 |
_c38098 _d38098 |
||